| 000 | 00688nam a2200229Ia 4500 | ||
|---|---|---|---|
| 003 | OSt | ||
| 005 | 20220926005916.0 | ||
| 006 | a|||||r|||| 00| 0 | ||
| 007 | ta | ||
| 008 | 220923b |||||||| |||| 00| 0 eng d | ||
| 037 | _cGeneral Book | ||
| 040 |
_aRTL _cRTL _beng |
||
| 041 |
_2eng _aeng |
||
| 082 | _aX:90ag.2.N61t5, K0 | ||
| 110 |
_aINDIAN NATIONAL TRADE UNION CONGRESS _9230546 |
||
| 245 | 0 |
_aLabour policy in 3rd five year plan _b Memorandam |
|
| 260 |
_a New Delhi _bThe author _c1960 |
||
| 300 |
_a56p _ccm. |
||
| 700 |
_aINDIAN NATIONAL TRADE UNION CONGRESS _9230547 |
||
| 942 |
_hX:90ag.2.N61t5, K0 _cGB _2CC |
||
| 999 |
_c615731 _d615731 |
||